00000000cam 2200000zi 4500
0019.958151
003CaOODSP
00520260605152536
006m     o  d f      
007cr |n|||||||||
008251210e197810  onca    o    f000 0 eng d
040 |aCaOODSP|beng|erda|cCaOODSP
043 |an-cn---
0861 |aJS82-115/1978E-PDF
24500|aReport of the Joint Committee to Study Alternatives for the Housing of the Federal Female Offender.
264 1|a[Ottawa] : |b[Canadian Penitentiary Service], |cOctober 1978.
300 |a1 online resource (39 pages) : |billustration
336 |atext|btxt|2rdacontent
337 |acomputer|bc|2rdamedia
338 |aonline resource|bcr|2rdacarrier
500 |aDigitized edition from print [produced by Public Safety Canada].
500 |aIssued also in French under title: Rapport du Comité mixte chargé d'étudier les possibilités de logement pour les détenues sous responsabilité fédérale.
650 0|aReformatories for women|zCanada.
650 0|aFemale offenders|xRehabilitation|zCanada.
7102 |aCanadian Penitentiary Service, |eissuing body
77508|tRapport du Comité mixte chargé d'étudier les possibilités de logement pour les détenues sous responsabilité fédérale.|w(CaOODSP)9.963361
85640|qPDF|s1.42 MB|uhttps://publications.gc.ca/collections/collection_2026/sp-ps/JS82-115-1978-eng.pdf